[Event "FIDE Women World-chT-KO 2021"]
[Site "Sitges"]
[Date "2021.09.30"]
[Round "1.1"]
[White "Dauletova, Gulmira"]
[Black "Gomes, Mary Ann"]
[Result "0-1"]
[WhiteElo "2257"]
[BlackElo "2354"]
[Annotator "ChessBase"]
[PlyCount "170"]
[EventDate "2021.09.30"]
[EventType "team-tourn"]
[EventCountry "ESP"]
[SourceTitle "playchess.com"]
[Source "ChessBase"]
[SourceQuality "1"]
[WhiteTeam "Kazakhstan"]
[BlackTeam "India"]
[WhiteTeamCountry "KAZ"]
[BlackTeamCountry "IND"]
[TimeControl "2700+10"]

1. e4 {[%emt 0:00:03]} c5 {[%emt 0:00:10]} 2. Nf3 {[%emt 0:00:08]} e6 {[%emt 0:
00:06]} 3. d4 {[%emt 0:00:14]} cxd4 {[%emt 0:00:08]} 4. Nxd4 {[%emt 0:00:03]}
a6 {[%emt 0:00:03]} 5. c4 {[%emt 0:00:21]} Nf6 {[%emt 0:00:20]} 6. Nc3 {
[%emt 0:00:05]} Qc7 {[%emt 0:00:04]} 7. a3 {[%emt 0:00:07]} b6 {[%emt 0:00:09]}
8. Be3 {[%emt 0:00:13]} Bb7 {[%emt 0:00:07]} 9. f3 {[%emt 0:00:06]} Be7 {
[%emt 0:00:17]} 10. Rc1 {[%emt 0:00:23]} O-O {[%emt 0:01:07]} 11. Qd2 {[%emt 0:
00:25]} d6 {[%emt 0:00:17]} 12. Be2 {[%emt 0:00:17]} Nbd7 {[%emt 0:00:04]} 13.
O-O {[%emt 0:00:31]} Rac8 {[%emt 0:00:03]} 14. b4 {[%emt 0:00:21]} Qb8 {
[%emt 0:00:07]} 15. Rfd1 {[%emt 0:00:37]} Rfe8 {[%emt 0:00:05]} 16. Bf1 {
[%emt 0:00:49]} Bd8 {[%emt 0:00:04]} 17. Nb3 {[%emt 0:00:15]} Bc7 {[%emt 0:00:
05]} 18. Bf4 {[%emt 0:00:39]} Ne5 {[%emt 0:00:48]} 19. Bxe5 {[%emt 0:00:26]}
dxe5 {[%emt 0:00:02]} 20. c5 {[%emt 0:00:04]} Qa7 {[%emt 0:02:24]} 21. Kh1 {
[%emt 0:02:23]} Red8 {[%emt 0:00:41]} 22. Qe2 {[%emt 0:00:47]} Nh5 {[%emt 0:04:
19]} 23. Na4 {[%emt 0:02:12]} Nf4 {[%emt 0:01:20]} 24. Qb2 {[%emt 0:05:15]} b5
{[%emt 0:03:01]} 25. Nc3 {[%emt 0:00:05]} Bc6 {[%emt 0:00:04]} 26. Qf2 {
[%emt 0:01:20]} f5 {[%emt 0:00:52]} 27. g3 {[%emt 0:07:02]} Nh5 {[%emt 0:01:38]
} 28. Na1 {[%emt 0:01:39]} Kh8 {[%emt 0:03:02]} 29. Nc2 {[%emt 0:01:59]} Nf6 {
[%emt 0:03:19]} 30. Bg2 {[%emt 0:01:31]} Qa8 {[%emt 0:00:26]} 31. Qe2 {[%emt 0:
00:31]} Rxd1+ {[%emt 0:04:07]} 32. Rxd1 {[%emt 0:00:01]} Rf8 {[%emt 0:00:02]}
33. Kg1 {[%emt 0:00:47]} Qe8 {[%emt 0:00:21]} 34. Ne3 {[%emt 0:03:40]} f4 {
[%emt 0:01:41]} 35. Nf1 {[%emt 0:00:24]} fxg3 {[%emt 0:00:04]} 36. hxg3 {
[%emt 0:00:42]} Qg6 {[%emt 0:03:00]} 37. a4 {[%emt 0:01:27]} Rb8 {[%emt 0:01:
26]} 38. axb5 {[%emt 0:00:11]} Bxb5 {[%emt 0:00:47]} 39. Nxb5 {[%emt 0:00:09]}
Rxb5 {[%emt 0:00:02]} 40. Qc4 {[%emt 0:00:18]} Qe8 {[%emt 0:00:36]} 41. Ra1 {
[%emt 0:01:59]} Qc6 {[%emt 0:02:17]} 42. Bh3 {[%emt 0:00:53]} a5 {[%emt 0:00:
21]} 43. Qxe6 {[%emt 0:01:44]} Qxe6 {[%emt 0:00:55]} 44. Bxe6 {[%emt 0:00:01]}
Rxb4 {[%emt 0:02:05]} 45. Ne3 {[%emt 0:00:39]} Rb5 {[%emt 0:01:13]} 46. Rc1 {
[%emt 0:00:11]} a4 {[%emt 0:00:19]} 47. g4 {[%emt 0:00:46]} h6 {[%emt 0:00:14]}
48. Kf1 {[%emt 0:01:19]} a3 {[%emt 0:00:18]} 49. Ke2 {[%emt 0:01:45]} Ba5 {
[%emt 0:06:02]} 50. Rc2 {[%emt 0:01:19]} Ne8 {[%emt 0:00:34]} 51. Bd7 {[%emt 0:
01:07]} Rb2 {[%emt 0:00:32]} 52. Be6 {[%emt 0:01:04]} Nc7 {[%emt 0:00:26]} 53.
Bc4 {[%emt 0:00:37]} Nb5 {[%emt 0:00:24]} 54. Kd3 {[%emt 0:01:43]} Nd4 {
[%emt 0:00:07]} 55. Rxb2 {[%emt 0:00:18]} axb2 {[%emt 0:00:02]} 56. Ba2 {
[%emt 0:00:01]} g6 {[%emt 0:00:23]} 57. Nc4 {[%emt 0:00:13]} Bc7 {[%emt 0:00:
18]} 58. Nxb2 {[%emt 0:00:03]} Nxf3 {[%emt 0:00:01]} 59. Be6 {[%emt 0:00:21]}
Kg7 {[%emt 0:00:04]} 60. Ke3 {[%emt 0:00:19]} Ng5 {[%emt 0:00:05]} 61. Bc8 {
[%emt 0:00:05]} Kf6 {[%emt 0:00:32]} 62. Nd3 {[%emt 0:00:04]} Ba5 {[%emt 0:00:
33]} 63. Nb2 {[%emt 0:00:17]} Bc3 {[%emt 0:00:07]} 64. Na4 {[%emt 0:00:01]}
Bd4+ {[%emt 0:00:11]} 65. Kd3 {[%emt 0:00:01]} h5 {[%emt 0:00:06]} 66. gxh5 {
[%emt 0:00:00]} gxh5 {[%emt 0:00:02]} 67. c6 {[%emt 0:00:08]} Ke7 {[%emt 0:00:
01]} 68. Bf5 {[%emt 0:00:30]} Kd6 {[%emt 0:00:04]} 69. Nc3 {[%emt 0:00:26]}
Bxc3 {[%emt 0:00:06]} 70. Kxc3 {[%emt 0:00:01]} Kxc6 {[%emt 0:00:03]} 71. Kd3 {
[%emt 0:00:19]} h4 {[%emt 0:00:05]} 72. Ke3 {[%emt 0:00:05]} Kc5 {[%emt 0:00:
03]} 73. Bc8 {[%emt 0:00:18]} Kc4 {[%emt 0:00:15]} 74. Bd7 {[%emt 0:00:08]} h3
{[%emt 0:00:08]} 75. Kf2 {[%emt 0:00:12]} Nxe4+ {[%emt 0:00:01]} 76. Kg1 {
[%emt 0:00:03]} Ng5 {[%emt 0:00:07]} 77. Bc6 {[%emt 0:00:14]} Kd3 {[%emt 0:00:
07]} 78. Kh2 {[%emt 0:00:08]} e4 {[%emt 0:00:03]} 79. Kg3 {[%emt 0:00:14]} e3 {
[%emt 0:00:05]} 80. Bb5+ {[%emt 0:00:04]} Kd2 {[%emt 0:00:02]} 81. Ba6 {
[%emt 0:00:08]} e2 {[%emt 0:00:03]} 82. Bxe2 {[%emt 0:00:02]} Kxe2 {[%emt 0:00:
02]} 83. Kh2 {[%emt 0:00:01]} Kf3 {[%emt 0:00:03]} 84. Kg1 {[%emt 0:00:13]} Kg3
{[%emt 0:00:02]} 85. Kh1 {[%emt 0:00:01]} Ne4 {[%emt 0:00:01]} 0-1

[Event "FIDE Women World-chT-KO 2021"]
[Site "Sitges"]
[Date "2021.09.30"]
[Round "1.1"]
[White "Arribas Robaina, Maritza"]
[Black "Shuvalova, Polina"]
[Result "0-1"]
[WhiteElo "2204"]
[BlackElo "2510"]
[Annotator "ChessBase"]
[PlyCount "116"]
[EventDate "2021.09.30"]
[EventType "team-tourn"]
[EventCountry "ESP"]
[SourceTitle "playchess.com"]
[Source "ChessBase"]
[SourceQuality "1"]
[WhiteTeam "Cuba"]
[BlackTeam "Russia"]
[WhiteTeamCountry "CUB"]
[BlackTeamCountry "RUS"]
[TimeControl "2700+10"]

1. e4 {[%emt 0:00:02]} c5 {[%emt 0:00:01]} 2. Nf3 {[%emt 0:00:02]} d6 {[%emt 0:
00:02]} 3. Nc3 {[%emt 0:00:03]} Nf6 {[%emt 0:00:46]} 4. d4 {[%emt 0:00:15]}
cxd4 {[%emt 0:00:03]} 5. Nxd4 {[%emt 0:00:02]} a6 {[%emt 0:00:05]} 6. g3 {
[%emt 0:00:09]} e5 {[%emt 0:00:22]} 7. Nde2 {[%emt 0:00:09]} Be7 {[%emt 0:00:
31]} 8. Bg2 {[%emt 0:00:01]} O-O {[%emt 0:00:30]} 9. O-O {[%emt 0:00:03]} b5 {
[%emt 0:01:48]} 10. Bg5 {[%emt 0:01:11]} Nbd7 {[%emt 0:00:06]} 11. a4 {[%emt 0:
02:20]} Bb7 {[%emt 0:02:55]} 12. Bxf6 {[%emt 0:02:21]} Nxf6 {[%emt 0:00:08]}
13. axb5 {[%emt 0:00:26]} axb5 {[%emt 0:00:06]} 14. Qd3 {[%emt 0:00:02]} b4 {
[%emt 0:00:43]} 15. Nd5 {[%emt 0:00:05]} Nxd5 {[%emt 0:00:35]} 16. exd5 {
[%emt 0:00:02]} Qb6 {[%emt 0:00:07]} 17. Rfe1 {[%emt 0:02:36]} Qc5 {[%emt 0:01:
20]} 18. Rxa8 {[%emt 0:01:47]} Rxa8 {[%emt 0:00:17]} 19. Nd4 {[%emt 0:01:06]}
Bd8 {[%emt 0:02:28]} 20. Nb3 {[%emt 0:00:08]} Qb6 {[%emt 0:00:54]} 21. h4 {
[%emt 0:00:15]} h5 {[%emt 0:01:11]} 22. Nd2 {[%emt 0:00:29]} Ba6 {[%emt 0:00:
58]} 23. Qf5 {[%emt 0:00:31]} g6 {[%emt 0:00:10]} 24. Qf3 {[%emt 0:01:13]} Rc8
{[%emt 0:00:17]} 25. Qb3 {[%emt 0:00:43]} Qd4 {[%emt 0:01:42]} 26. Ne4 {
[%emt 0:00:52]} Qb6 {[%emt 0:03:35]} 27. Qa4 {[%emt 0:05:57]} Be7 {[%emt 0:03:
38]} 28. Ra1 {[%emt 0:02:18]} Bb7 {[%emt 0:01:02]} 29. Qb3 {[%emt 0:00:15]} Kg7
{[%emt 0:03:17]} 30. Ra4 {[%emt 0:01:04]} Qd4 {[%emt 0:01:45]} 31. c3 {[%emt 0:
03:21]} Qxd5 {[%emt 0:03:22]} 32. Rxb4 {[%emt 0:00:06]} Qxb3 {[%emt 0:02:00]}
33. Rxb3 {[%emt 0:00:02]} Bc6 {[%emt 0:00:42]} 34. Rb6 {[%emt 0:03:32]} d5 {
[%emt 0:00:21]} 35. Nd2 {[%emt 0:00:28]} f5 {[%emt 0:01:01]} 36. b4 {[%emt 0:
02:13]} e4 {[%emt 0:00:26]} 37. Nb3 {[%emt 0:00:07]} Be8 {[%emt 0:00:26]} 38.
Rb7 {[%emt 0:00:22]} Kf6 {[%emt 0:00:22]} 39. Rb6+ {[%emt 0:01:13]} Kf7 {
[%emt 0:00:27]} 40. Nc5 {[%emt 0:01:52]} Bxc5 {[%emt 0:00:18]} 41. bxc5 {
[%emt 0:00:02]} Rxc5 {[%emt 0:00:02]} 42. Rb3 {[%emt 0:00:01]} Kf6 {[%emt 0:02:
13]} 43. Kf1 {[%emt 0:00:08]} Ke5 {[%emt 0:00:37]} 44. Ke2 {[%emt 0:02:25]}
Bb5+ {[%emt 0:00:04]} 45. Kd2 {[%emt 0:00:11]} Bd3 {[%emt 0:00:31]} 46. Rb6 {
[%emt 0:00:15]} d4 {[%emt 0:00:57]} 47. cxd4+ {[%emt 0:00:42]} Kxd4 {[%emt 0:
00:02]} 48. Rd6+ {[%emt 0:00:02]} Ke5 {[%emt 0:01:53]} 49. Rxg6 {[%emt 0:00:02]
} Rc2+ {[%emt 0:00:23]} 50. Ke1 {[%emt 0:00:01]} Rc1+ {[%emt 0:01:27]} 51. Kd2
{[%emt 0:00:02]} Rg1 {[%emt 0:00:06]} 52. f4+ {[%emt 0:00:18]} Kd4 {[%emt 0:00:
14]} 53. Rd6+ {[%emt 0:00:32]} Kc5 {[%emt 0:00:02]} 54. Bxe4 {[%emt 0:02:41]}
Bxe4 {[%emt 0:00:49]} 55. Rg6 {[%emt 0:00:11]} Kd4 {[%emt 0:00:12]} 56. Rd6+ {
[%emt 0:01:24]} Bd5 {[%emt 0:00:03]} 57. Ra6 {[%emt 0:00:10]} Rxg3 {[%emt 0:00:
13]} 58. Ra4+ {[%emt 0:00:01]} Bc4 {[%emt 0:00:02]} 0-1

[Event "FIDE Women World-chT-KO 2021"]
[Site "Sitges"]
[Date "2021.09.30"]
[Round "1.1"]
[White "Ghukasyan, Siranush"]
[Black "Buksa, Nataliya"]
[Result "1/2-1/2"]
[WhiteElo "2168"]
[BlackElo "2417"]
[Annotator "ChessBase"]
[PlyCount "64"]
[EventDate "2021.09.30"]
[EventType "team-tourn"]
[EventCountry "ESP"]
[SourceTitle "playchess.com"]
[Source "ChessBase"]
[SourceQuality "1"]
[WhiteTeam "Armenia"]
[BlackTeam "Ukraine"]
[WhiteTeamCountry "ARM"]
[BlackTeamCountry "UKR"]
[TimeControl "2700+10"]

1. e4 {[%emt 0:00:03]} c5 {[%emt 0:00:05]} 2. Nf3 {[%emt 0:00:01]} Nc6 {
[%emt 0:00:02]} 3. Bb5 {[%emt 0:00:02]} g6 {[%emt 0:00:15]} 4. Bxc6 {[%emt 0:
00:02]} bxc6 {[%emt 0:00:09]} 5. O-O {[%emt 0:00:05]} Bg7 {[%emt 0:00:01]} 6.
Re1 {[%emt 0:00:06]} Qc7 {[%emt 0:00:08]} 7. c3 {[%emt 0:00:12]} d6 {[%emt 0:
00:17]} 8. h3 {[%emt 0:00:25]} Nf6 {[%emt 0:00:26]} 9. d4 {[%emt 0:02:07]} cxd4
{[%emt 0:00:25]} 10. cxd4 {[%emt 0:00:03]} O-O {[%emt 0:00:06]} 11. Nc3 {
[%emt 0:00:01]} c5 {[%emt 0:00:59]} 12. e5 {[%emt 0:01:28]} dxe5 {[%emt 0:01:
05]} 13. dxe5 {[%emt 0:00:17]} Rd8 {[%emt 0:00:02]} 14. Qe2 {[%emt 0:02:00]}
Nd5 {[%emt 0:03:14]} 15. Nxd5 {[%emt 0:04:11]} Rxd5 {[%emt 0:00:08]} 16. Bf4 {
[%emt 0:00:56]} Bb7 {[%emt 0:01:19]} 17. Rac1 {[%emt 0:00:18]} Qb6 {[%emt 0:07:
55]} 18. Rc3 {[%emt 0:07:56]} Rad8 {[%emt 0:02:02]} 19. Rb3 {[%emt 0:04:34]}
Qc6 {[%emt 0:00:40]} 20. Qb5 {[%emt 0:00:37]} Qxb5 {[%emt 0:12:12]} 21. Rxb5 {
[%emt 0:00:02]} R8d7 {[%emt 0:00:01]} 22. e6 {[%emt 0:02:54]} fxe6 {[%emt 0:00:
02]} 23. Ne5 {[%emt 0:00:31]} Bxe5 {[%emt 0:01:22]} 24. Rxe5 {[%emt 0:00:24]}
c4 {[%emt 0:03:50]} 25. Rb4 {[%emt 0:02:29]} Rxe5 {[%emt 0:02:24]} 26. Bxe5 {
[%emt 0:00:05]} Bd5 {[%emt 0:00:08]} 27. Rb8+ {[%emt 0:00:18]} Kf7 {[%emt 0:00:
02]} 28. Rh8 {[%emt 0:00:19]} h5 {[%emt 0:02:34]} 29. Rh7+ {[%emt 0:00:27]} Kf8
{[%emt 0:00:01]} 30. Rh8+ {[%emt 0:01:45]} Kf7 {[%emt 0:00:02]} 31. Rh7+ {
[%emt 0:00:11]} Kf8 {[%emt 0:00:01]} 32. Rh8+ {[%emt 0:00:32]} Kf7 1/2-1/2

[Event "FIDE Women World-chT-KO 2021"]
[Site "Sitges"]
[Date "2021.09.30"]
[Round "1.2"]
[White "Lagno, Kateryna"]
[Black "Lujan, Carolina"]
[Result "1/2-1/2"]
[WhiteElo "2550"]
[BlackElo "2340"]
[Annotator "TA"]
[PlyCount "62"]
[EventDate "2021.09.30"]
[EventType "team-tourn"]
[EventCountry "ESP"]
[SourceTitle "playchess.com"]
[Source "ChessBase"]
[SourceQuality "1"]
[WhiteTeam "RUS"]
[BlackTeam "FIDE Americas"]
[WhiteTeamCountry "RUS"]
[BlackTeamCountry "ARG"]

{[%evp 24,62,0,6,30,-12,-7,-9,-14,-31,0,0,3,-35,-25,-37,-50,-28,0,-63,-48,-75,
-76,-60,-38,-33,-29,-30,-4,-41,-14,-13,-12,-13,-13,-13,-13,-19,0,-8,-6]} 1. e4
c5 2. Nf3 Nc6 3. Nc3 e5 4. Bc4 Be7 5. d3 d6 6. O-O h6 7. Ne1 Nf6 8. f4 exf4 9.
Bxf4 O-O 10. Nf3 Be6 11. Nd5 a6 12. a3 b5 13. Ba2 Bxd5 {B30: Sicilian: 2...Nc6
3 Bb5, lines without ...g6.} 14. Bxd5 Nxd5 15. exd5 Ne5 {[#]} 16. Qd2 $146 ({
Predecessor:} 16. Bxe5 dxe5 17. c4 bxc4 18. dxc4 e4 19. Ne5 Bd6 20. Qh5 Qc7 21.
Ng4 Rae8 22. Rf6 Be5 23. Rc6 Bd4+ 24. Kh1 Qf4 25. h3 e3 26. Re1 e2 {0-1 (26)
Hribar,B (2221)-Lenic,L (2531) Ljubljana 2007}) 16... Ra7 17. Rae1 Ng6 18. Be3
a5 19. b4 axb4 20. axb4 Ra4 21. Rb1 (21. bxc5 $11 dxc5 22. c4) 21... Qd7 $15
22. c4 cxb4 23. Rxb4 Rxb4 24. Qxb4 bxc4 25. dxc4 Bf6 26. Qd2 Ne5 27. Nxe5 {
The position is equal.} Bxe5 28. Bd4 Bxd4+ 29. Qxd4 Re8 30. h3 Qc7 31. Kh2 Qe7
{Weighted Error Value: White=0.20/Black=0.11} 1/2-1/2

[Event "FIDE Women World-chT-KO 2021"]
[Site "Sitges"]
[Date "2021.09.30"]
[Round "1.2"]
[White "Muzychuk, Mariya"]
[Black "Mkrtchian, Lilit"]
[Result "1-0"]
[WhiteElo "2540"]
[BlackElo "2378"]
[Annotator "TA"]
[PlyCount "81"]
[EventDate "2021.09.30"]
[EventType "team-tourn"]
[EventCountry "ESP"]
[SourceTitle "playchess.com"]
[Source "ChessBase"]
[SourceQuality "1"]
[WhiteTeam "Ukraine"]
[BlackTeam "Armenia"]
[WhiteTeamCountry "UKR"]
[BlackTeamCountry "ARM"]

{[%evp 21,81,10,6,0,18,0,3,4,11,18,12,12,18,14,26,10,10,0,0,7,30,0,0,4,29,22,
33,41,67,50,287,281,262,288,275,279,288,277,415,417,390,390,789,767,29986,
29987,29987,29988,29988,568,29989,29990,29990,29991,29996,29997,29997,1357,
1357,1166,1125,459]} 1. d4 e6 2. c4 Nf6 3. Nc3 d5 4. cxd5 exd5 5. Bg5 Be7 6. e3
c6 7. Bd3 Nbd7 8. Qc2 Nh5 9. Bxe7 Qxe7 10. Nge2 g6 11. O-O-O Nb6 12. Ng3 {
D36: Queen's Gambit Declined: Exchange Variation: Main line (5 Bg5 c6 6 Qc2).}
Nf6 {[#]} 13. h4 $146 ({Predecessor:} 13. Kb1 Be6 14. f3 O-O-O 15. Rhe1 h5 16.
Nge2 Kb8 17. Nc1 h4 18. h3 Nh5 19. Nb3 Ng3 {1-0 (28) Tan,Z (2510)-Hu,Y (2094)
Xinghua 2020}) 13... Bg4 14. Rde1 {The position is equal.} O-O-O 15. f3 Be6 16.
h5 Kb8 17. Kb1 c5 18. dxc5 Qxc5 19. Nb5 Nc4 20. Nd4 Bd7 21. Qc3 Qd6 22. Bxc4
Qxg3 23. Bb5 Rc8 24. Qb4 Bxb5 25. Nxb5 $40 {[%mdl 128] White mounts an attack.}
a6 $2 {This costs Black the game.} ({Better is} 25... Qe5 $1 $14) 26. Nd6 $18 {
[%csl Gd6][%cal Rb4b7][%mdl 64] Double Attack} Rc7 {Strongly threatening ...
Rd8.} 27. Rc1 {Threatens to win with Rxc7.} Rd7 28. Rc6 {[%cal Bc1c6,Bc6b6,
Bb6b7][%mdl 32] Black must now prevent Rhc1.} Rhd8 {[%cal Rd7d6] [#]} 29. Rb6 {
[%cal Rb6b7]} Rxd6 (29... Qxd6 $142 30. Rxd6 Rxd6 31. hxg6 fxg6) 30. Rxb7+ {
[%mdl 64] Double Attack} Ka8 {[#] And now ...d4 would win.} 31. Rc1 $1 R6d7 $2
(31... Ne8 32. Rxf7 Rb8) 32. Rb6 {White threatens Qa4! and mate.} ({Not} 32.
Qb6 Rxb7 33. Qxd8+ Ka7 $14) 32... Rb8 33. Rxa6+ Ra7 34. Rxa7+ Kxa7 35. Qa5+ Kb7
{intending ...Qd6.} 36. f4 {[%csl Ga5][%cal Rc1c7]} Ne8 37. Rc5 Qxe3 38. Qb4+
Ka8 39. Ra5+ (39. Qa4+ $142 Kb7 40. Qc6+ {[%mdl 64] Double Attack} Ka7 41. Ra5#
) 39... Qa7 40. Rxa7+ Kxa7 41. Qa5+ {Weighted Error Value: White=0.04/Black=0.
56} 1-0

[Event "FIDE Women World-chT-KO 2021"]
[Site "Sitges"]
[Date "2021.09.30"]
[Round "1.2"]
[White "Abdumalik, Zhansaya"]
[Black "Harika, Dronavalli"]
[Result "0-1"]
[WhiteElo "2502"]
[BlackElo "2511"]
[Annotator "ChessBase"]
[PlyCount "94"]
[EventDate "2021.09.30"]
[EventType "team-tourn"]
[EventCountry "ESP"]
[SourceTitle "playchess.com"]
[Source "ChessBase"]
[SourceQuality "1"]
[WhiteTeam "Kazakhstan"]
[BlackTeam "India"]
[WhiteTeamCountry "KAZ"]
[BlackTeamCountry "IND"]
[TimeControl "2700+10"]

1. e4 {[%emt 0:00:03]} e5 {[%emt 0:00:01]} 2. Nf3 {[%emt 0:00:19]} Nc6 {
[%emt 0:00:03]} 3. Bb5 {[%emt 0:00:49]} a6 {[%emt 0:00:03]} 4. Ba4 {[%emt 0:00:
01]} Nf6 {[%emt 0:00:02]} 5. O-O {[%emt 0:00:03]} Be7 {[%emt 0:00:07]} 6. Re1 {
[%emt 0:00:05]} b5 {[%emt 0:00:03]} 7. Bb3 {[%emt 0:00:01]} d6 {[%emt 0:00:01]}
8. c3 {[%emt 0:00:02]} O-O {[%emt 0:00:11]} 9. h3 {[%emt 0:00:02]} Bb7 {
[%emt 0:01:17]} 10. d4 {[%emt 0:00:35]} Re8 {[%emt 0:00:25]} 11. Ng5 {[%emt 0:
00:28]} Rf8 {[%emt 0:00:02]} 12. Nf3 {[%emt 0:00:02]} Re8 {[%emt 0:00:01]} 13.
Nbd2 {[%emt 0:00:38]} Bf8 {[%emt 0:00:19]} 14. a3 {[%emt 0:00:16]} h6 {[%emt 0:
00:45]} 15. Bc2 {[%emt 0:00:52]} Nb8 {[%emt 0:01:12]} 16. a4 {[%emt 0:02:04]}
Nbd7 {[%emt 0:01:25]} 17. Bd3 {[%emt 0:01:09]} c6 {[%emt 0:01:06]} 18. b3 {
[%emt 0:01:11]} g6 {[%emt 0:01:55]} 19. Qc2 {[%emt 0:01:30]} Rc8 {[%emt 0:01:
30]} 20. Bb2 {[%emt 0:02:08]} Bg7 {[%emt 0:00:45]} 21. Rad1 {[%emt 0:03:38]}
Qc7 {[%emt 0:01:13]} 22. Qb1 {[%emt 0:00:15]} Kh7 {[%emt 0:02:25]} 23. Qa1 {
[%emt 0:01:31]} Nh5 {[%emt 0:01:36]} 24. Bf1 {[%emt 0:01:53]} Ra8 {[%emt 0:04:
56]} 25. Rc1 {[%emt 0:04:25]} Qb8 {[%emt 0:04:45]} 26. c4 {[%emt 0:02:03]} exd4
{[%emt 0:02:10]} 27. Bxd4 {[%emt 0:02:35]} Bxd4 {[%emt 0:01:32]} 28. Nxd4 {
[%emt 0:00:31]} c5 {[%emt 0:00:15]} 29. Nc2 {[%emt 0:00:45]} bxa4 {[%emt 0:00:
14]} 30. Qxa4 {[%emt 0:00:33]} Ndf6 {[%emt 0:05:02]} 31. f3 {[%emt 0:02:51]}
Qd8 {[%emt 0:00:12]} 32. Ne3 {[%emt 0:00:29]} Nd7 {[%emt 0:00:19]} 33. Nd5 {
[%emt 0:01:20]} Ne5 {[%emt 0:01:10]} 34. Rcd1 {[%emt 0:05:51]} Bxd5 {[%emt 0:
01:16]} 35. exd5 {[%emt 0:00:19]} a5 {[%emt 0:02:21]} 36. Qa1 {[%emt 0:02:13]}
Qg5 {[%emt 0:01:19]} 37. Qc3 {[%emt 0:00:22]} f5 {[%emt 0:00:40]} 38. Kh1 {
[%emt 0:02:44]} Ra7 {[%emt 0:04:07]} 39. Ra1 {[%emt 0:01:02]} Qh4 {[%emt 0:01:
04]} 40. Rec1 {[%emt 0:01:16]} Qf2 {[%emt 0:01:57]} 41. Rxa5 {[%emt 0:00:09]}
Rae7 {[%emt 0:00:40]} 42. Rca1 {[%emt 0:00:14]} Nf7 {[%emt 0:00:26]} 43. Ra7 {
[%emt 0:00:59]} Ng5 {[%emt 0:00:26]} 44. Rxe7+ {[%emt 0:01:01]} Rxe7 {[%emt 0:
00:00]} 45. Ra8 {[%emt 0:00:40]} Rg7 {[%emt 0:00:04]} 46. Re8 {[%emt 0:00:39]}
Ng3+ {[%emt 0:00:22]} 47. Kh2 {[%emt 0:00:01]} Qxd2 {[%emt 0:00:04]} 0-1

[Event "FIDE Women World-chT-KO 2021"]
[Site "Sitges"]
[Date "2021.09.30"]
[Round "1.2"]
[White "Kashlinskaya, Alina"]
[Black "Perez Rodriguez, Jennifer"]
[Result "1-0"]
[WhiteElo "2493"]
[BlackElo "2150"]
[Annotator "ChessBase"]
[PlyCount "65"]
[EventDate "2021.09.30"]
[EventType "team-tourn"]
[EventCountry "ESP"]
[SourceTitle "playchess.com"]
[Source "ChessBase"]
[SourceQuality "1"]
[WhiteTeam "RUS"]
[BlackTeam "FIDE Americas"]
[WhiteTeamCountry "RUS"]
[TimeControl "2700+10"]

1. d4 {[%emt 0:00:03]} d5 {[%emt 0:00:04]} 2. c4 {[%emt 0:00:02]} e6 {[%emt 0:
00:03]} 3. Nc3 {[%emt 0:00:34]} Nf6 {[%emt 0:00:05]} 4. Nf3 {[%emt 0:00:04]} c5
{[%emt 0:00:18]} 5. cxd5 {[%emt 0:00:15]} Nxd5 {[%emt 0:00:02]} 6. e4 {[%emt 0:
00:02]} Nxc3 {[%emt 0:00:04]} 7. bxc3 {[%emt 0:00:02]} cxd4 {[%emt 0:00:02]} 8.
cxd4 {[%emt 0:00:02]} Bb4+ {[%emt 0:00:03]} 9. Bd2 {[%emt 0:00:02]} Bxd2+ {
[%emt 0:00:09]} 10. Qxd2 {[%emt 0:00:02]} O-O {[%emt 0:00:07]} 11. Bc4 {
[%emt 0:00:07]} Nd7 {[%emt 0:01:33]} 12. O-O {[%emt 0:00:05]} b6 {[%emt 0:00:
02]} 13. d5 {[%emt 0:00:48]} Nc5 {[%emt 0:02:13]} 14. Rfe1 {[%emt 0:00:42]}
exd5 {[%emt 0:01:23]} 15. exd5 {[%emt 0:00:49]} Qd6 {[%emt 0:02:28]} 16. Ne5 {
[%emt 0:05:06]} Bb7 {[%emt 0:03:00]} 17. Rad1 {[%emt 0:00:20]} Rad8 {[%emt 0:
01:42]} 18. a3 {[%emt 0:01:50]} Rfe8 {[%emt 0:05:44]} 19. Qd4 {[%emt 0:00:46]}
Re7 {[%emt 0:03:48]} 20. Re3 {[%emt 0:01:03]} a6 {[%emt 0:01:27]} 21. h4 {
[%emt 0:05:27]} Rde8 {[%emt 0:00:54]} 22. Nxf7 {[%emt 0:05:44]} Kxf7 {[%emt 0:
00:09]} 23. Re6 {[%emt 0:00:09]} Qd7 {[%emt 0:10:57]} 24. Qf4+ {[%emt 0:03:54]}
Kg8 {[%emt 0:00:01]} 25. Rxe7 {[%emt 0:00:09]} Rxe7 {[%emt 0:00:07]} 26. d6+ {
[%emt 0:00:04]} Re6 {[%emt 0:01:33]} 27. Qe5 {[%emt 0:03:50]} Kf8 {[%emt 0:00:
43]} 28. Bxe6 {[%emt 0:02:07]} Nxe6 {[%emt 0:01:39]} 29. Qxe6 {[%emt 0:01:19]}
Qxe6 {[%emt 0:04:03]} 30. d7 {[%emt 0:00:02]} Qe7 {[%emt 0:00:50]} 31. d8=Q+ {
[%emt 0:00:07]} Qxd8 {[%emt 0:00:00]} 32. Rxd8+ {[%emt 0:00:02]} Ke7 {[%emt 0:
00:01]} 33. Rb8 {[%emt 0:00:06]} 1-0